000 00478nam a2200193Ia 4500
005 20240913125601.0
008 240913s9999||||xx |||||||||||||| ||und||
020 _a978-81-312-2025-2
041 _aENGLISH
082 _A629.223 P9
100 _aNunney M,J
245 0 _aLight & Heavy Vehicle Technology
250 _a4th
260 _c2009
_bEls
_aJapan
500 _aREFERENCE
650 _aVehicle Technology
_bAutomobile Engineering
942 _cREF
999 _c245845
_d245845